Les featurings avec Britney Spears - Statistiques

Statistiques générales
  • Ce quiz a été pris 64 fois
  • Le résultat moyen est 9 sur 27
Statistiques - réponses
Titre Année Artiste % Correct
Big Fat Bass 2011 Will.i.am
89%
Scream & Shout 2012 Will.i.am
89%
It Should Be Easy 2013 Will.i.am
89%
Mind Your Business 2023 Will.i.am
89%
S&M (remix) 2011 Rihanna
80%
Me Against the Music 2003 Madonna
78%
Hold Me Closer 2022 Elton John
58%
Till the World Ends (The Femme Fatale Remix) 2011 Nicki Minaj
38%
Tik Tik Boom 2013 T.I.
38%
Boys 2002 Pharrell Williams
36%
Till the World Ends (The Femme Fatale Remix) 2011 Kesha
31%
SMS (Bangerz) 2013 Miley Cyrus
31%
Slumber Party 2016 Tinashe
27%
Make Me 2016 G-Eazy
25%
Matches 2020 Backstreet Boys
20%
Toxic Las Vegas 2023 Elvis Presley
16%
Chillin' with You 2013 Jamie Lynn Spears
16%
(Drop Dead) Beautiful 2011 Sabi
15%
Scream & Shout (Hit-Boy Remix) 2012 Lil Wayne
11%
Scream & Shout (Hit-Boy Remix) 2012 P. Diddy
9%
I Will Still Love You 1999 Don Philip
5%
(I Got That) Boom Boom 2003 Ying Yang Twins
5%
Toxic Pony 2022 Altégo
4%
Toxic Pony 2022 Ginuwine
4%
Tom's Diner 2015 Giorgio Moroder
4%
Scream & Shout (Hit-Boy Remix) 2012 Waka Flocka Flame
4%
Scream & Shout (Hit-Boy Remix) 2012 Hit-Boy
2%
Aucun quiz correspondant
Distribution des résultats
% des personnes avec chaque résultat
Percentile par nombre de réponses
Votre historique - résultats
Vous n’avez pas pris ce quiz